LEADER 01753nam0 22003491i 450 001 UON00386151 005 20231205104551.137 010 $a978-38-683-5041-8$bv. 377 100 $a20101123d2010 |0itac50 ba 101 $aeng 102 $aDE 105 $a|||| 1|||| 200 1 $aAspects of the economic history of Babylonia in the first millennium BC$eEconomic geography, economic mentalities, agriculture, the use of money and the problem of economic growth$fM. Jursa$gwith contributions by J. Hackl ... [et al.] 210 $aMunster$cUgerit-Verlag$d2010 215 $aXVIII, 897 p.$d25 cm. 311 $aVOA SERIE 001 377$9UON00000604 316 $aV. 377$5IT-UONSI VOASERIE001/(377) 410 0$1001UON00000604$12001 $aAlter Orient und Altes Testament$eVeroffentlichungen zur Kultur und Geschichte des Alten Orients und des Alten Testaments$fHrsg. Manfried Dietrech, Oswald Loretz$v377 VOA SERIE 001 377 606 $aLingua accadica$xTesti$3UONC008446$2FI 606 $aBABILONIA$xSVILUPPO ECONOMICO$xSTORIA$3UONC076829$2FI 606 $aAGRICOLTURA$xBabilonia$3UONC076830$2FI 620 $aDE$dMünster$3UONL001022 686 $aVOA SERIE$cVICINO ORIENTE ANTICO - COLLANE$2A 700 1$aJURSA$bMichael$3UONV015953$0596913 702 1$aHACKL$bJohannes$3UONV175307 712 $aUgarit-Verlag$3UONV251297$4650 801 $aIT$bSOL$c20240220$gRICA 899 $aSIBA - SISTEMA BIBLIOTECARIO DI ATENEO$2UONSI 912 $aUON00386151 950 $aSIBA - SISTEMA BIBLIOTECARIO DI ATENEO$dSI VOA SERIE 001 (377) $eSI SA 128302 7 (377) V. 377 996 $aAspects of the economic history of Babylonia in the first millennium BC$91353387 997 $aUNIOR